Gestaltphonologische Interpretation von Vokalsequenzierungen: eine Studie zum Portugiesischen, Spanischen, Französischen, Italienischen und Rumänischen
Die vorliegende Studie unterbreitet einen phänomenologischen Zugang zu wortinternen Vokalsequenzierungen. Unter dem Begriff «Vokalsequenz» werden Diphthonge, Hiate, nicht eindeutig der einen oder anderen Kategorie zuordenbare und schwankende Realisierungen innerhalb identischer Wörter gefasst. Vok...
Saved in:
| Main Author: | |
|---|---|
| Format: | Book/Monograph Thesis |
| Language: | German |
| Published: |
Berlin Boston
De Gruyter
[2021]
|
| Series: | Beihefte zur Zeitschrift für romanische Philologie
Band 458 |
| In: |
Beihefte zur Zeitschrift für romanische Philologie (Band 458)
|
| Subjects: | |
| Online Access: | Verlag, Cover: https://images.thalia.media/-/BF750-750/2a321bd5576f4b4fa96aac819117409b/gestaltphonologische-interpretation-von-vokalsequenzierungen-gebundene-ausgabe-alexander-m-teixeira-kalkhoff.jpeg Inhaltsverzeichnis: https://www.gbv.de/dms/spk/iai/toc/1751048047.pdf https://www.degruyter.com/books/9783110716160: https://www.degruyter.com/books/9783110716160 Inhaltsverzeichnis: http://scans.hebis.de/HEBCGI/show.pl?48815936_toc.pdf |
| Author Notes: | Alexander M. Teixeira Kalkhoff |
MARC
| LEADER | 00000cam a2200000 c 4500 | ||
|---|---|---|---|
| 001 | 1751048047 | ||
| 003 | DE-627 | ||
| 005 | 20260410125801.0 | ||
| 007 | tu | ||
| 008 | 210310s2021 gw ||||| m 00| ||ger c | ||
| 010 | |a 2021944283 | ||
| 015 | |a 21,N10 |2 dnb | ||
| 015 | |a 21,N10 |2 dnb | ||
| 016 | 7 | |a 1228357498 |2 DE-101 | |
| 020 | |a 9783110716160 |q : EUR 99.95 (DE), EUR 99.95 (AT) |9 978-3-11-071616-0 | ||
| 020 | |a 311071616X |9 3-11-071616-X | ||
| 024 | 3 | |a 9783110716160 | |
| 035 | |a (DE-627)1751048047 | ||
| 035 | |a (DE-603)488159369 | ||
| 035 | |a (DE-599)DNB1228357498 | ||
| 035 | |a (OCoLC)1286673242 | ||
| 035 | |a (OCoLC)1286673242 | ||
| 040 | |a DE-627 |b ger |c DE-627 |e rda | ||
| 041 | |a ger | ||
| 044 | |c XA-DE-BE |c XD-US | ||
| 050 | 0 | |a MLCM 2024/41841 (P) | |
| 072 | 7 | |a FOR041000 |2 bisacsh | |
| 082 | 0 | |a 440.0415 |q DE-101 | |
| 082 | 0 | 4 | |a 440 |q DE-101 |
| 084 | |a 55 |2 sdnb | ||
| 084 | |a 55 |2 sdnb | ||
| 084 | |a ROM |q DE-18 |2 fid | ||
| 084 | |a IB 1300 |q DE-24/21sred |2 rvk |0 (DE-625)rvk/54459: | ||
| 084 | |a IB 1310 |q DE-16-143 |2 rvk |0 (DE-625)rvk/54460: | ||
| 084 | |a IB 1220 |2 rvk |0 (DE-625)rvk/158783: | ||
| 084 | |a IB 1290 |2 rvk |0 (DE-625)rvk/54457: | ||
| 084 | |a 18.20 |2 bkl | ||
| 084 | |a 17.14 |2 bkl | ||
| 084 | |a 17.53 |2 bkl | ||
| 100 | 1 | |a Teixeira Kalkhoff, Alexander M. |d 1973- |e VerfasserIn |0 (DE-588)141604069 |0 (DE-627)629754632 |0 (DE-576)324922582 |4 aut | |
| 240 | 1 | 0 | |a Gestaltphonologische Interpretation der komplex-vokalischen Wortgestaltung im Portugiesischen, Spanischen, Französischen, Italienischen und Rumänischen |
| 245 | 1 | 0 | |a Gestaltphonologische Interpretation von Vokalsequenzierungen |b eine Studie zum Portugiesischen, Spanischen, Französischen, Italienischen und Rumänischen |c Alexander M. Teixeira Kalkhoff |
| 264 | 1 | |a Berlin |a Boston |b De Gruyter |c [2021] | |
| 264 | 4 | |c © 2021 | |
| 300 | |a XIV, 208 Seiten |b Diagramme |c 24 cm x 16 cm | ||
| 336 | |a Text |b txt |2 rdacontent | ||
| 337 | |a ohne Hilfsmittel zu benutzen |b n |2 rdamedia | ||
| 338 | |a Band |b nc |2 rdacarrier | ||
| 490 | 1 | |a Beihefte zur Zeitschrift für romanische Philologie |v Band 458 | |
| 500 | |a Bibliographie: Seite [173]-198 | ||
| 502 | |b Habilitationsschrift |c Universität Regensburg |d 2016 |g überarbeitete Version | ||
| 520 | |a Die vorliegende Studie unterbreitet einen phänomenologischen Zugang zu wortinternen Vokalsequenzierungen. Unter dem Begriff «Vokalsequenz» werden Diphthonge, Hiate, nicht eindeutig der einen oder anderen Kategorie zuordenbare und schwankende Realisierungen innerhalb identischer Wörter gefasst. Vokalsequenzen sind damit keine apriorisch gesetzten, kategorialen Untersuchungsgegenstände «Diphthong» oder «Hiat», sondern als relationale Vokalsequenzierungsmuster Effekte der den Wörtern inhärenten und wortgeschichtlich überbrachten Wortgestaltqualitäten, die sich in Prominenzen, Syllabierung, Rhythmus sowie zeitlicher und lautlicher Gestaltung manifestieren und als deren Wirkung gelten darf, Wörter als Ganzes im Redefluss erkennbar zu halten. | ||
| 650 | 0 | |a Romance languages |x Vowels |2 DLC | |
| 650 | 0 | 7 | |0 (DE-588)4115788-6 |0 (DE-627)105811726 |0 (DE-576)209496045 |a Romanische Sprachen |2 gnd |
| 650 | 0 | 7 | |0 (DE-588)4063778-5 |0 (DE-627)10612644X |0 (DE-576)209150416 |a Vokal |2 gnd |
| 650 | 0 | 7 | |0 (DE-588)4150089-1 |0 (DE-627)105556025 |0 (DE-576)209777230 |a Diphthong |2 gnd |
| 650 | 0 | 7 | |0 (DE-588)4159825-8 |0 (DE-627)104628936 |0 (DE-576)209853123 |a Hiatus |2 gnd |
| 655 | 7 | |a Hochschulschrift |0 (DE-588)4113937-9 |0 (DE-627)105825778 |0 (DE-576)209480580 |2 gnd-content | |
| 689 | 0 | 0 | |d s |0 (DE-588)4115788-6 |0 (DE-627)105811726 |0 (DE-576)209496045 |a Romanische Sprachen |2 gnd |
| 689 | 0 | 1 | |d s |0 (DE-588)4063778-5 |0 (DE-627)10612644X |0 (DE-576)209150416 |a Vokal |2 gnd |
| 689 | 0 | 2 | |d s |0 (DE-588)4150089-1 |0 (DE-627)105556025 |0 (DE-576)209777230 |a Diphthong |2 gnd |
| 689 | 0 | 3 | |d s |0 (DE-588)4159825-8 |0 (DE-627)104628936 |0 (DE-576)209853123 |a Hiatus |2 gnd |
| 689 | 0 | |5 DE-101 | |
| 689 | 1 | 0 | |d s |0 (DE-588)4115788-6 |0 (DE-627)105811726 |0 (DE-576)209496045 |a Romanische Sprachen |2 gnd |
| 689 | 1 | 1 | |d s |0 (DE-588)4063778-5 |0 (DE-627)10612644X |0 (DE-576)209150416 |a Vokal |2 gnd |
| 689 | 1 | 2 | |d s |0 (DE-588)4150089-1 |0 (DE-627)105556025 |0 (DE-576)209777230 |a Diphthong |2 gnd |
| 689 | 1 | 3 | |d s |0 (DE-588)4159825-8 |0 (DE-627)104628936 |0 (DE-576)209853123 |a Hiatus |2 gnd |
| 689 | 1 | |5 (DE-627) | |
| 689 | 2 | 0 | |d s |0 (DE-588)4120316-1 |0 (DE-627)105777358 |0 (DE-576)209534109 |a Portugiesisch |2 gnd |
| 689 | 2 | 1 | |d s |0 (DE-588)4077640-2 |0 (DE-627)106079557 |0 (DE-576)20920589X |a Spanisch |2 gnd |
| 689 | 2 | 2 | |d s |0 (DE-588)4113615-9 |0 (DE-627)105828114 |0 (DE-576)209477946 |a Französisch |2 gnd |
| 689 | 2 | 3 | |d s |0 (DE-588)4114056-4 |0 (DE-627)104388528 |0 (DE-576)209481560 |a Italienisch |2 gnd |
| 689 | 2 | 4 | |d s |0 (DE-588)4115807-6 |0 (DE-627)104161930 |0 (DE-576)209496223 |a Rumänisch |2 gnd |
| 689 | 2 | 5 | |d s |0 (DE-588)4063778-5 |0 (DE-627)10612644X |0 (DE-576)209150416 |a Vokal |2 gnd |
| 689 | 2 | 6 | |d s |0 (DE-588)4150089-1 |0 (DE-627)105556025 |0 (DE-576)209777230 |a Diphthong |2 gnd |
| 689 | 2 | 7 | |d s |0 (DE-588)4159825-8 |0 (DE-627)104628936 |0 (DE-576)209853123 |a Hiatus |2 gnd |
| 689 | 2 | |5 (DE-627) | |
| 710 | 2 | |a Walter de Gruyter GmbH & Co. KG |e Verlag |0 (DE-588)10095502-2 |0 (DE-627)478082134 |0 (DE-576)200141279 |4 pbl | |
| 751 | |a Regensburg |0 (DE-588)4048989-9 |0 (DE-627)106188860 |0 (DE-576)209080019 |4 uvp | ||
| 776 | 1 | |z 9783110729733 |c PDF | |
| 776 | 1 | |z 9783110729795 |c EPUB | |
| 776 | 0 | 8 | |i Erscheint auch als |n Online-Ausgabe |z 9783110729795 |
| 776 | 0 | 8 | |i Erscheint auch als |n Online-Ausgabe |a Teixeira Kalkhoff, Alexander M., 1973 - |t Gestaltphonologische Interpretation von Vokalsequenzierungen |d Berlin : De Gruyter, 2021 |h 1 Online-Ressource (XIV, 210 Seiten) |w (DE-627)1785764705 |z 9783110729733 |
| 830 | 0 | |a Beihefte zur Zeitschrift für romanische Philologie |v Band 458 |9 458 |w (DE-627)129457485 |w (DE-576)014820846 |w (DE-600)200077-5 |x 0084-5396 |7 am | |
| 856 | 4 | 2 | |u https://images.thalia.media/-/BF750-750/2a321bd5576f4b4fa96aac819117409b/gestaltphonologische-interpretation-von-vokalsequenzierungen-gebundene-ausgabe-alexander-m-teixeira-kalkhoff.jpeg |x Verlag |3 Cover |7 1 |
| 856 | 4 | 2 | |u https://www.gbv.de/dms/spk/iai/toc/1751048047.pdf |m V:DE-601 |m B:DE-204 |q pdf/application |v 2024-11-27 |3 Inhaltsverzeichnis |7 1 |
| 856 | 4 | 2 | |u https://www.degruyter.com/books/9783110716160 |m X:MVB |7 1 |
| 856 | 4 | 2 | |u http://scans.hebis.de/HEBCGI/show.pl?48815936_toc.pdf |m V:DE-603;B:DE-30 |q application/pdf |3 Inhaltsverzeichnis |7 1 |
| 936 | r | v | |a IB 1300 |b Phonetik |k Romanistik |k Romanische Sprachen und Literaturen |k Grammatik |k Lautlehre, Phonematik |k Phonetik |0 (DE-627)1271019612 |0 (DE-625)rvk/54459: |0 (DE-576)201019612 |
| 936 | r | v | |a IB 1310 |b Phonologie |k Romanistik |k Romanische Sprachen und Literaturen |k Grammatik |k Lautlehre, Phonematik |k Phonologie |0 (DE-627)1271019620 |0 (DE-625)rvk/54460: |0 (DE-576)201019620 |
| 936 | r | v | |a IB 1220 |b Kontrastive Linguistik, Sprachvergleich |k Romanistik |k Romanische Sprachen und Literaturen |k Kontrastive Linguistik, Sprachvergleich |0 (DE-627)1516554531 |0 (DE-625)rvk/158783: |0 (DE-576)446554537 |
| 936 | r | v | |a IB 1290 |b Vokalismus |k Romanistik |k Romanische Sprachen und Literaturen |k Grammatik |k Lautlehre, Phonematik |k Vokalismus |0 (DE-627)1271019558 |0 (DE-625)rvk/54457: |0 (DE-576)201019558 |
| 936 | b | k | |a 18.20 |j Romanische Sprachen und Literaturen: Allgemeines |q DA-3 |0 (DE-627)106422227 |
| 936 | b | k | |a 17.14 |j Vergleichende Sprachwissenschaft |q DA-3 |0 (DE-627)106403095 |
| 936 | b | k | |a 17.53 |j Phonetik |j Phonologie |0 (DE-627)106404946 |
| 936 | s | n | |a i100 |2 mzub |
| 951 | |a BO | ||
| 990 | |a Hiatus | ||
| 990 | |a Diphthong | ||
| 990 | |a Vokal | ||
| 990 | |a Rumänisch | ||
| 990 | |a Italienisch | ||
| 990 | |a Französisch | ||
| 990 | |a Spanisch | ||
| 990 | |a Portugiesisch | ||
| 990 | |a Hiatus | ||
| 990 | |a Diphthong | ||
| 990 | |a Vokal | ||
| 990 | |a Romanische Sprachen | ||
| 990 | |a Hiatus | ||
| 990 | |a Diphthong | ||
| 990 | |a Vokal | ||
| 990 | |a Romanische Sprachen | ||
| 992 | |a 20230206 | ||
| 993 | |a Book | ||
| 998 | |g 141604069 |a Teixeira Kalkhoff, Alexander M. |m 141604069:Teixeira Kalkhoff, Alexander M. |d 910000 |d 950000 |d 950950 |e 910000PT141604069 |e 950000PT141604069 |e 950950PT141604069 |k 0/910000/ |k 1/910000/950000/ |k 2/910000/950000/950950/ |p 1 |x j |y j | ||
| 999 | |a KXP-PPN1751048047 |e 4267511314 | ||
| BIB | |a Y | ||
| JSO | |a {"type":{"bibl":"thesis"},"id":{"isbn":["9783110716160","311071616X"],"eki":["1751048047"]},"physDesc":[{"noteFormat":"24 cm x 16 cm","extent":"XIV, 208 Seiten","noteIll":"Diagramme"}],"person":[{"role":"aut","family":"Teixeira Kalkhoff","given":"Alexander M.","display":"Teixeira Kalkhoff, Alexander M."}],"relMultPart":[{"pubHistory":["1.1905 -"],"titleAlt":[{"title":"BZRP"}],"type":{"bibl":"serial"},"id":{"zdb":["200077-5"],"issn":["0084-5396"],"eki":["129457485"]},"note":["Repr.: Hildesheim : Gerstenberg; Darmstadt : Wiss. Buchges.; ersch. teils als CD-ROM-Ausg"],"dispAlt":"Beihefte zur Zeitschrift für romanische Philologie","origin":[{"publisher":"De Gruyter ; Niemeyer ; Niemeyer ; de Gruyter ; de Gruyter","publisherPlace":"Berlin ; Boston, Mass. ; Halle, S. ; Tübingen ; Berlin ; New York, NY ; Berlin ; München ; Boston, Mass.","dateIssuedDisp":"1905-","dateIssuedKey":"1905"}],"disp":"Beihefte zur Zeitschrift für romanische Philologie","language":["ger","fre"],"title":[{"title":"Beihefte zur Zeitschrift für romanische Philologie","title_sort":"Beihefte zur Zeitschrift für romanische Philologie","subtitle":"BZRP"}],"recId":"129457485","part":{"number":["Band 458"],"number_sort":["458"]}}],"corporate":[{"role":"pbl","display":"Walter de Gruyter GmbH & Co. KG"}],"note":["Bibliographie: Seite [173]-198"],"noteThesis":["Habilitationsschrift. - Universität Regensburg. - 2016. - überarbeitete Version"],"origin":[{"dateIssuedKey":"2021","dateIssuedDisp":"[2021]","publisherPlace":"Berlin ; Boston","publisher":"De Gruyter"}],"name":{"displayForm":["Alexander M. Teixeira Kalkhoff"]},"titleUni":[{"title_sort":"Gestaltphonologische Interpretation der komplex-vokalischen Wortgestaltung im Portugiesischen, Spanischen, Französischen, Italienischen und Rumänischen","title":"Gestaltphonologische Interpretation der komplex-vokalischen Wortgestaltung im Portugiesischen, Spanischen, Französischen, Italienischen und Rumänischen"}],"title":[{"subtitle":"eine Studie zum Portugiesischen, Spanischen, Französischen, Italienischen und Rumänischen","title_sort":"Gestaltphonologische Interpretation von Vokalsequenzierungen","title":"Gestaltphonologische Interpretation von Vokalsequenzierungen"}],"language":["ger"],"recId":"1751048047"} | ||
| SRT | |a TEIXEIRAKAGESTALTPHO2021 | ||